Statistics for Anime Waifus 2

Click here to take the quiz!

General Stats

  • This quiz has been taken 67 times
  • The average score is 7 of 16

Answer Stats

Answer% Correct
Hinata
93%
Ram
78%
Bulma
75%
Lucy
71%
Saber
59%
Rukia
56%
Ochako
49%
Chizuru
44%
Maki
36%
Mirajane
34%
Nao Tomori
22%
Eru
19%
Sheele
15%
Minene
10%
Umiko
7%
Urd
7%

Score Distribution

Percentile by Number Answered

Percent of People with Each Score

Your Score History

You have not taken this quiz